000 00635nam a22002297a 4500
003 UA-OsUOA
001 24116
007 ta
008 20040209b un ||||| |||| 00| 0 ukr d
090 _a323(477)
_bУ45
942 _cBK
040 _aUA-OsUOA
_bukr
_cUA-OsUOA
_dUA-OsUOA
245 _aУкраїна незалежна: час випробувань, сподівань
_cРед. П.П.Панченко Н.П.Барановська А.А.Кондрацький
300 _a258 с.
955 _a0
041 _aukr
080 _a323(477)
260 _aКиїв
_c1993
044 _aUA
650 7 _2UDC
999 _c310381
_d310381